RAPID (residential auction property investment data) (Record no. 110623)

MARC details
000 -LEADER
fixed length control field 00976cad a22002175a 4500
001 - CONTROL NUMBER
control field E149783
008 - FIXED-LENGTH DATA ELEMENTS--GENERAL INFORMATION
fixed length control field 100423s2010 xxkdo f s 000 0 eng d
035 ## - SYSTEM CONTROL NUMBER
System control number (Sirsi) u149783
041 0# - LANGUAGE CODE
Language code of text/sound track or separate title eng
050 04 - LIBRARY OF CONGRESS CALL NUMBER
Classification number 380.1 $2 18
110 2# - MAIN ENTRY--CORPORATE NAME
Corporate name or jurisdiction name as entry element Essential Information Group
9 (RLIN) 4336
245 00 - TITLE STATEMENT
Title RAPID (residential auction property investment data)
Remainder of title issue 7: March 2010
Medium [electronic resource]
260 ## - PUBLICATION, DISTRIBUTION, ETC.
Place of publication, distribution, etc. Reigate
Name of publisher, distributor, etc. EIG
Date of publication, distribution, etc. 2010
520 ## - SUMMARY, ETC.
Summary, etc. Statistical report concentrates on the impact of the changing economic circumstances in the UK on the auction market and the composition of residential auction sales catalogues. Looks at the progress of the recovery and assured shorthold and regulated tenancy yields.
590 ## - LOCAL NOTE (RLIN)
Local note KA
651 #4 - SUBJECT ADDED ENTRY--GEOGRAPHIC NAME
Geographic name United Kingdom
Chronological subdivision
690 ## - LOCAL SUBJECT ADDED ENTRY--TOPICAL TERM (OCLC, RLIN)
Topical term or geographic name as entry element Auctioneering
9 (RLIN) 6218
710 1# - ADDED ENTRY--CORPORATE NAME
Corporate name or jurisdiction name as entry element Allsop
9 (RLIN) 3151
856 40 - ELECTRONIC LOCATION AND ACCESS
Uniform Resource Identifier <a href="https://www.rapidinvestors.co.uk/pdf-files/Allsop_Rapid-7_03.10.pdf">https://www.rapidinvestors.co.uk/pdf-files/Allsop_Rapid-7_03.10.pdf</a>
Public note View the item free of charge online at www.rapidinvestors.co.uk
942 ## - ADDED ENTRY ELEMENTS (KOHA)
Suppress in OPAC 0
Holdings
Withdrawn status Lost status Source of classification or shelving scheme Damaged status Not for loan Home library Current library Shelving location Date acquired Total Checkouts Full call number Barcode Date last seen Copy number Price effective from Koha item type
    Dewey Decimal Classification     Virtual Virtual Online 23/04/2010   ONLINE PUBLICATION 149783-2001 06/08/2019 1 06/08/2019 Book